Analiza i ocena dzialania osrodków obliczeniowych

Salvato in:
Dettagli Bibliografici
Autore principale: Kierczynska, Urszula
Altri autori: Szadkowska, Malgorzata, Szlapin, Grazyna
Natura: Libro
Lingua:polacco
Pubblicazione: Warszawa Szkola glówna planowania i statystyki 1986
Serie:Monografie i opracowania 157
Tags: Aggiungi Tag
Nessun Tag, puoi essere il primo ad aggiungerne!!

MARC

LEADER 00000nam a2200000 4500
001 c104390
005 20150303140803.8
041 0 |a pol 
044 |a PL 
245 1 0 |a Analiza i ocena dzialania osrodków obliczeniowych  |c Urszula Kierczynska, Malgorzata Szadkowska, Grazyna Szlapin 
264 1 |a Warszawa  |b Szkola glówna planowania i statystyki  |c 1986 
300 |a 206 s. 
490 1 |a Monografie i opracowania  |v 157 
830 0 |a Monografie i opracowania  |v 157 
100 1 |a Kierczynska, Urszula 
700 1 |a Szadkowska, Malgorzata 
700 1 |a Szlapin, Grazyna